| 000 | 00772aam a2200277 4500 | ||
|---|---|---|---|
| 005 | 20161019154633.0 | ||
| 008 | 150704b xxu||||| |||| 00| 0 spa d | ||
| 041 | _aEspañol | ||
| 082 | _a1.10.14 L864ma | ||
| 100 |
_aLópez, Aurelio _927675 |
||
| 245 | _aManual de marketing general y de servicios turísticos | ||
| 260 | _aEspaña | ||
| 260 | _bSintesis | ||
| 260 | _c1992 | ||
| 300 | _a199 páginas | ||
| 650 |
_aMERCADEO TURÍSTICO _91910 |
||
| 650 |
_aPRODUCTO TURISTICO _9931 |
||
| 650 |
_aMERCADO _93877 |
||
| 650 |
_aINVESTIGACIÓN DE MERCADOS _93416 |
||
| 650 |
_aCOMUNICACIÓN _9490 |
||
| 650 |
_aPLAN DE MERCADEO _96762 |
||
| 650 |
_aPUBLICIDAD _9494 |
||
| 650 |
_aMERCHANDISING _97526 |
||
| 650 |
_aMERCADEO DE SERVICIOS _91445 |
||
| 942 | _cBK | ||
| 999 |
_c1634 _d1634 |
||